000 00722nam a22001817a 4500
003 OSt
005 20251224161419.0
008 251224b |||||||| |||| 00| 0 eng d
040 _cDCL
082 _a၂၉၄.၃၃၆၈
100 0 _aရွှေအောင်။
245 1 0 _aစာဖတ်သူများ /
_cဦးရွှေအောင်။
250 _aတတိယအကြိမ်။
260 _aရန်ကုန် ၊
_bရာပြည့်စာအုပ်တိုက်၊
_c၂၀၀၂။
300 _a၂၇၀ စာမျက်နှာ ၊
_c၂၁ စင်တီ။
650 _aဗုဒ္ဓဘာသာစာပေ
942 _2ddc
_cSHORT TERM
_n0
999 _c2802
_d2802